000
00233nam a2200097Ia 4500
008
230508s9999 xx 000 0 und d
041
_a
eng
100
_a
PONNU SWAMY S.
245
_a
BRIDGE ENGINEERING
260
_b
TATA MCGRAW HILL EDU
999
_c
711494
_d
711494